000 00496nam a2200181Ia 4500
999 _c14444
_d14444
003 OSt
005 20201022120542.0
008 190216s9999||||xx |||||||||||||| ||und||
020 _a9780144000722
040 _coclc
082 _a915.4
_bBON/T
100 1 _aBond, Ruskin
_92056
245 0 _aTales Of The Open Road /
_cRuskin Bond
260 _bPenguin Books,
_c2006.
_aNew Delhi:
300 _a202p
650 _aEnglish
942 _cBK
_2ddc
_h915.4
_iBON/T
_k915.4
_mBON/T